5HLuxD.jpg

KING HENRY VIII SENIOR AND PRIMARY SCHOOL LIBRARY OPAC

Cambridge global English. (Record no. 2605)

000 -LEADER
fixed length control field 01274nam a22003978i 4500
001 - CONTROL NUMBER
control field 023245613
003 - CONTROL NUMBER IDENTIFIER
control field UkOxU
005 - DATE AND TIME OF LATEST TRANSACTION
control field 20230731093556.0
008 - FIXED-LENGTH DATA ELEMENTS--GENERAL INFORMATION
fixed length control field 210621s2021 enk 000|0|eng|d
015 ## - NATIONAL BIBLIOGRAPHY NUMBER
National bibliography number GBC198517
Source bnb
016 7# - NATIONAL BIBLIOGRAPHIC AGENCY CONTROL NUMBER
Record control number 020235338
Source Uk
020 ## - INTERNATIONAL STANDARD BOOK NUMBER
International Standard Book Number 9781108921695
035 ## - SYSTEM CONTROL NUMBER
System control number (Uk)020235338
035 ## - SYSTEM CONTROL NUMBER
System control number (StEdALDL)1/4058268
040 ## - CATALOGING SOURCE
Original cataloging agency StDuBDS
Language of cataloging eng
Description conventions rda
Transcribing agency StDuBDS
Modifying agency KH8
049 ## - LOCAL HOLDINGS (OCLC)
Holding library CROBAR
082 04 - DEWEY DECIMAL CLASSIFICATION NUMBER
Classification number 372.652 ALT
100 1# - MAIN ENTRY--PERSONAL NAME
Personal name Altamirano, Annie,
Relator term author.
245 10 - TITLE STATEMENT
Title Cambridge global English.
Number of part/section of a work 8,
Name of part/section of a work Teacher's resource /
Statement of responsibility, etc. Annie Altamirano [and five others].
250 ## - EDITION STATEMENT
Edition statement Second edition.
263 ## - PROJECTED PUBLICATION DATE
Projected publication date 202108
264 #1 - PRODUCTION, PUBLICATION, DISTRIBUTION, MANUFACTURE, AND COPYRIGHT NOTICE
Place of production, publication, distribution, manufacture Cambridge :
Name of producer, publisher, distributor, manufacturer Cambridge University Press,
Date of production, publication, distribution, manufacture, or copyright notice 2021.
300 ## - PHYSICAL DESCRIPTION
Extent 1 volume ;
Dimensions 30 cm
336 ## - CONTENT TYPE
Content type term text
Source rdacontent
337 ## - MEDIA TYPE
Media type term unmediated
Source rdamedia
338 ## - CARRIER TYPE
Carrier type term volume
Source rdacarrier
500 ## - GENERAL NOTE
General note Includes digital access.
650 #0 - SUBJECT ADDED ENTRY--TOPICAL TERM
Topical term or geographic name entry element English language
General subdivision Study and teaching (Elementary)
-- Foreign speakers.
650 #0 - SUBJECT ADDED ENTRY--TOPICAL TERM
Topical term or geographic name entry element English language
General subdivision Study and teaching (Secondary)
-- Foreign speakers.
700 ## - ADDED ENTRY--PERSONAL NAME
Personal name Mabbott, Nicola,
Relator term author.
700 ## - ADDED ENTRY--PERSONAL NAME
Personal name Little, Mark,
Relator term author.
700 ## - ADDED ENTRY--PERSONAL NAME
Personal name Hubbard, Bob,
Relator term author.
700 ## - ADDED ENTRY--PERSONAL NAME
Personal name Barker, Chris,
Relator term author.
700 ## - ADDED ENTRY--PERSONAL NAME
Personal name Mitchell, Libby,
Relator term author.
942 ## - ADDED ENTRY ELEMENTS (KOHA)
Source of classification or shelving scheme
Koha item type Teaching Resources
Holdings
Withdrawn status Lost status Source of classification or shelving scheme Damaged status Not for loan Collection code Permanent Location Current Location Shelving location Date acquired Total Checkouts Full call number Barcode Date due Date last seen Date last checked out Price effective from Koha item type
          Teaching Resources KH8 Senior School Library KH8 Senior School Library Staff Office 2023-07-31 3 372.652 ALT TRKHSL001342 2026-07-20 2025-08-20 2025-08-20 2023-07-31 Teaching Resources
          Teaching Resources KH8 Senior School Library KH8 Senior School Library Staff Office 2024-09-11 2 372.652 ALT TRKHSL005658 2026-07-03 2025-08-20 2025-08-20 2024-09-11 Teaching Resources

Powered By KH8 IT Dept